| 000 | 00634nam a2200145Ia 4500 | ||
|---|---|---|---|
| 008 | 170221s9999 xx 000 0 und d | ||
| 100 | _aNatalya B. Pugacheva | ||
| 245 | 4 | _aThe Mechanism of State-Public Management of Vocational Education in the Region | |
| 245 | _cNatalya B. Pugacheva, Tatiana V. Kirillova, Iraida G. Ovchinnikova, Nail K. Kudyashev, Alexander N. Lunev, Oksana A. Pavlova, Svetlana G. Kashina, Azat S. Valeyev | ||
| 260 | _bInternational Review of Management and Marketing | ||
| 260 | _cApril 2012 | ||
| 300 | _a1:1 | ||
| 650 | _xMarketing. | ||
| 856 | _uhttp://www.econjournals.com/index.php/irmm/issue/view/71 | ||
| 999 |
_c310468 _d310468 |
||